00526cam a2200181Ia 4500020001700000020001500017040000800032082002600040245010500066250001100171260003100182300002500213500001900238650002100257650002000278700002100298710002500319 a0393026388 : a0393305678 cIEP a338 NOR 1989 A014 Or.00aState of the world, 1989 :ba Worldwatch Institute report on progress toward a sustainable society / a1st ed aNew York :bNorton,cc1989 axvi, 256 p. ;c24 cm aIncludes index 0aEconomic history 0aEconomic policy1 aBrown, Lester R.2 aWorldwatch Institute